00761nam a22001937a 4500003000400000082001900004245016500023260005000188300001000238546001200248650001400260650002400274650003300298650001800331700001500349942001300364999001900377952017100396OSt a660.83bBEN/CH aChemical formulary V.10:ba collection of valuable, timely,practical commercial formulae and recipes for making thousands of products in many fields of industry aNew YorkbChemical Publishing Co., Inc.c1957 a392p. aEnglish aAdhesives aCosmetics and Drugs aEmulsions and other Colloids aFood Products aBennett, H 2ddccREF c163170d163170 00102ddc40718REFaKAUCLVbKAUCLVcREFd2019-01-03l0o660.83 BEN/CHp906697r2019-01-03 00:00:00w2019-01-03yREFzBook transferred from CoH Library, Acc.No: 6392